[Дипломатическая переписка французских посланников и агентов при русском дворе. [2]: [Донесения французского консула в Петербурге Лави и полномочного министра при русском дворе Кампредона с 1719 по 1722 г.] (Запись № 5183557)

Подробности
000 -МАРКЕР
контрольное поле 02772nam2a22003251 4500
001 - ИДЕНТИФИКАТОР ЗАПИСИ
контрольное поле v19\rc\1230435
005 - ИДЕНТИФИКАТОР ВЕРСИИ
контрольное поле 20250620051739.0
035 ## - ДРУГИЕ СИСТЕМНЫЕ НОМЕРА
Идентификатор записи (NLR Aleph) 005187965
100 ## - ДАННЫЕ ОБЩЕЙ ОБРАБОТКИ
Данные общей обработки 20060306d1884 |||y0rusy50 ca
101 0# - ЯЗЫК РЕСУРСА
Язык текста, звукозаписи и т.д. русский
102 ## - СТРАНА ПУБЛИКАЦИИ ИЛИ ПРОИЗВОДСТВА
Страна публикации Российская Федерация
105 ## - ПОЛЕ КОДИРОВАННЫХ ДАННЫХ: ТЕКСТОВЫЕ МАТЕРИАЛЫ, МОНОГРАФИЧЕСКИЕ
Кодированные данные о монографическом текстовом документе y z |||||
200 1# - ЗАГЛАВИЕ И СВЕДЕНИЯ ОБ ОТВЕТСТВЕННОСТИ
Основное заглавие [Донесения французского консула в Петербурге Лави и полномочного министра при русском дворе Кампредона с 1719 по 1722 г.]
210 ## - ПУБЛИКАЦИЯ, РАСПРОСТРАНЕНИЕ И ДР.
Дата издания, распространения и т.д. 1884
Место издания, распространения и т.д. Б. м.
215 ## - ФИЗИЧЕСКАЯ ХАРАКТЕРИСТИКА
Специфическое обозначение материала и объем [4], XIV, 498, LXXXII с.
225 1# - СЕРИЯ
Основное заглавие серии ...
Обозначение тома Т. 40
327 0# - ПРИМЕЧАНИЯ О СОДЕРЖАНИИ
Текст примечания С. I-LXXXII: "Записка о сношениях между Францией и Россиею в царствование Петра I, составленное в 1726 г. Ледраном старшим чиновникам Департамента иностранных дел 1719-1722"
461 #0 - УРОВЕНЬ НАБОРА
Встроенное поле 001v19\rc\1230433
-- 2001#$a[Дипломатическая переписка французских посланников и агентов при русском дворе$eСообщ. из архива М-ва иностр. дел в Париже. 1-13]$v[2]
Системный номер (АБИС) связанной записи 3335477
Место публикации Санкт-Петербург
Дата публикации 1881-1899
Имя издателя, распространителя и т.д. тип. Акад. наук
Сведения, относящиеся к заглавию Сообщ. из архива М-ва иностр. дел в Париже. 1-13]
Физическая характеристика 13 т.
Заглавие [Дипломатическая переписка французских посланников и агентов при русском дворе
Номер тома [2]
464 #0 - АНАЛИТИЧЕСКИЙ УРОВЕНЬ
Встроенное поле 2001#$aЗаписка о сношениях между Францией и Россиею в царствование Петра I, составленное в 1726 г. Ледраном старшим чиновникам Департамента иностранных дел 1719-1722
-- 215##$aС. I-LXXXII
-- 702#1$aЛедран$4220
-- 702#0$aПетр$cимператор российский$dI$f1672-1725$3RU\NLR\AUTH\778862$4570
Заглавие Записка о сношениях между Францией и Россиею в царствование Петра I, составленное в 1726 г. Ледраном старшим чиновникам Департамента иностранных дел 1719-1722
540 13 - ДОПОЛНИТЕЛЬНОЕ ЗАГЛАВИЕ, ПРИМЕНЯЕМОЕ КАТАЛОГИЗАТОРОМ
Заглавие Донесения французского консула в Петербурге Лави и полномочного министра при русском дворе Кампредона с 1719 по 1722 г.
702 #1 - ИМЯ ЛИЦА - ВТОРИЧНАЯ ОТВЕТСТВЕННОСТЬ
Начальный элемент ввода Лави
Код отношения Прочие
702 #1 - ИМЯ ЛИЦА - ВТОРИЧНАЯ ОТВЕТСТВЕННОСТЬ
Начальный элемент ввода Кампредон
Код отношения Прочие
801 #0 - ИСТОЧНИК ЗАПИСИ
Страна Российская Федерация
Организация NLR
Дата составления 20060306
Правила каталогизации psbo
801 #1 - ИСТОЧНИК ЗАПИСИ
Страна Российская Федерация
Организация ProSoft-M
Дата составления 20060306
Источник данных rusmarc
801 #2 - ИСТОЧНИК ЗАПИСИ
Страна Российская Федерация
Организация NLR
Дата составления 20060316
Источник данных rusmarc
852 ## - МЕСТОНАХОЖДЕНИЕ И ШИФР ХРАНЕНИЯ
Идентификатор организации NLR
Шифр хранения (Call Number) 1/377
942 ## - ДОПОЛНИТЕЛЬНЫЕ ЭЛЕМЕНТЫ ЗАПИСИ (АБИС)
Тип экземпляра АБИС Книга
980 ## - КОЛЛЕКЦИЯ
Название коллекции Национальная библиография
Экземпляры
Тип экземпляра Дата поступления Библиотека постоянного хранения Библиотека текущего хранения Место хранения Шифр хранения Штрих-код Статус экземпляра
Книга 26.10.2013 РНБ (Московский) РНБ (Московский) Зал русского журнального фонда, издания по 1950 включительно (до 2000 года) 1/377 5187965-10